| 000 | 00721nam a2200217Ia 4500 | ||
|---|---|---|---|
| 008 | 191130s2001##################000#0#eng## | ||
| 020 | _a9780750673556 | ||
| 022 | _a62093 | ||
| 040 |
_aACL _cACL |
||
| 082 | _a658.452 DEN | ||
| 100 | _aDenning, Stephen | ||
| 245 |
_aThe springboard : how storytelling ignites action in knowledge-era organizations _cStephen Denning |
||
| 260 |
_aAmsterdam ; Boston, MA _bElsevier/Butterworth-Heinemann _c2001 |
||
| 300 | _axxiii, 223 p. ; 23 cm | ||
| 500 | _aIncludes bibliographical references (p. 217-220) and index | ||
| 650 | _aCommunication in organizations | ||
| 650 | _aStorytelling | ||
| 990 | _a29473d52ac10000c5b214cb2e51c7729 | ||
| 991 | _a147033 | ||
| 999 |
_c71132 _d71132 |
||